01084aab a2200193 i 4500001001000000003001000010005001700020008004100037040003000078041000800108100003400116245006700150300008500217520042200302650001800724773012300742942000800865999001700873768714001CO-MdFUSB20240422094214.0220913b ||||| |||| 00| 0 eng d bspacCO-MdFUSBdCO-MdFUSB aspa1 aLubich, Chiara (1920-)eautor10aSemillas de comunión para el tercer milenioc/ Chiara Lubich aVolumen 13, número 4 (octubre - diciembre, 1994), páginas: 17 - 18c; 27 cm aLa tarea de cada familia es la de vivir con tanta perfección su vocación, que pueda convertirse en un modelo para toda la familia humana, transfiriéndole sus valores con su característico modo de ser. De esta manera la familia llegará a ser, como dice el título de Familyfest, semilla de comunión para la humanidad del tercer milenio. Dios ha creado a la familia como signo y modelo de toda convivencia. 09292aFamilias0 tIglesia y Misión049402959645gVolumen 13, número 4 (octubre - diciembre, 1994), páginas: 17 - 18qpágina: 17 cANA c52091d52091